| 000 | 01458cam a22002414a 4500 | ||
|---|---|---|---|
| 005 | 20250605164102.0 | ||
| 008 | 250528s ||||||||||||||||||||||||d | ||
| 035 | _a17606 | ||
| 020 | _a9781412980340 | ||
| 040 |
_aGR-AtMCL _bgre _dGR-AtMCL _eAACR2 |
||
| 245 | 1 | _aEffective Crisis Communication / Moving from Crisis to Opportunity | |
| 250 | _a2nd | ||
| 260 |
_bSage Publications, _c2011 |
||
| 300 | _a246 | ||
| 505 | 0 | _aPreface, The Lessons, Defining Crisis Communication, Lessons on Managing Crisis Uncertainty, Lessons on Effective Crisis Leadership, Appying the Lessons, Examples of Success and Failure in Industrial Accidents, Examples of Success and Failure in Response to Terrorism, Examples of Success and Failure During Financial Crises, The Oportunities, Learning through Failure, Responding to the Ethical Demands of Crisis, Index. | |
| 520 | _aPreface, The Lessons, Defining Crisis Communication, Lessons on Managing Crisis Uncertainty, Lessons on Effective Crisis Leadership, Appying the Lessons, Examples of Success and Failure in Industrial Accidents, Examples of Success and Failure in Response to Terrorism, Examples of Success and Failure During Financial Crises, The Oportunities, Learning through Failure, Responding to the Ethical Demands of Crisis, Index. | ||
| 700 | 1 |
_aSeeger Matthew W _93785 |
|
| 700 | 1 |
_aSellnow Timothy L _93786 |
|
| 700 | 1 |
_aUlmer Robert R _93787 |
|
| 942 | _cBK | ||
| 999 |
_c3009 _d3009 |
||